Statistics for NAQT YGK Visual Arts

Click here to take the quiz!

General Stats

  • This quiz has been taken 18 times
  • The average score is 19 of 30

Answer Stats

TitleDateCreator% Correct
Mona Lisa1500Leonardo da Vinci
100%
The Birth of Venus1480Sandro Botticelli
83%
Guernica1937Pablo Picasso
83%
Last Supper1495Leonardo da Vinci
83%
The Persistence of Memory1931Salvador Dalí
75%
The Scream1893Edvard Munch
75%
David (marble)1504Michelangelo
75%
The Thinker1880Auguste Rodin
75%
School of Athens1509Raphael
75%
Nighthawks1942Edward Hopper
75%
The Arnolfini Wedding1434Jan van Eyck
67%
David (bronze)1440Donatello
67%
Fallingwater1936Frank Lloyd Wright
67%
Bird in Space1919Constantin Brancusi
67%
American Gothic1930Grant Wood
67%
Luncheon on the Grass1863Édouard Manet
67%
The Kiss (marble sculpture)1886Auguste Rodin
67%
Arrangement in Grey and Black, No. 11871James McNeill Whistler
58%
The Death of Marat1793Jacques-Louis David
58%
Las Meninas1656Diego Velázquez
58%
Liberty Leading the People1830Eugene Delacroix
58%
Primavera1478Sandro Botticelli
58%
Impresson: Sunrise1872Claude Monet
58%
The Ecstasy of Saint Teresa1646Gianlorenzo Bernini
58%
I and the Village1911Marc Chagall
50%
Les Demoiselles dAvignon1907Pablo Picasso
42%
The Hay Wain1821John Constable
33%
The Blue Boy1770Thomas Gainsborough
33%
Burial at Ornans1849Gustave Courbet
25%
Perseus With the Head of Medusa1563Benvenuto Cellini
25%

Score Distribution

Percentile by Number Answered

Percent of People with Each Score

Your Score History

You have not taken this quiz